000 00900nam a2200241 i 4500
001 115458
003 ES-MaACL
005 20250825062559.0
007 t|
008 070309s1930 sp ||||1| spa d
080 _a821.133.1-23"19"
100 1 _aConty, Jean.
_940332
245 1 3 _aEl jockey
_b: comedia en tres actos y en prosa /
_cJean Conty y Georges de Dissant ; traducida y adaptada por Alfonso Fernández Burgas.
260 _aMadrid :
_bPrensa Moderna,
_c1930.
300 _a76 p. ;
_c17 cm.
490 1 _aEl teatro moderno ;
_v249
500 _aEstrenada en el Teatro Campoamor, de Oviedo, el 2 de febrero de 1930 y en el Cómico, de Madrid, el 26 de abril de 1930.
700 1 _aDissant, Georges de.
_944880
700 1 _aFernández Burgas, Alfonso.
_949528
830 1 3 _aEl teatro moderno (Prensa Moderna)
_v249
_9182365
852 _aES-MaACL
_jC-13105
999 _c115458
_d115458